Statystyki dla Miasto, w którym to się wydarzyło #1

Kliknij tutaj aby rozwiązać quiz!

Ogólne statystyki

  • Ten quiz został rozwiązany 161 razy
  • Średni wynik to 9 z 20

Statystyki odpowiedzi

RokWydarzenieMiasto% Poprawnych
2001Ataki z 11 września na World Trade CenterNowy Jork
99%
1812Najbardziej wysunięty na wschód punkt podbojów NapoleonaMoskwa
74%
1789Szturm na BastylięParyż
74%
1963Przemówienie Martina Luthera Kinga „I have a dream”Waszyngton
68%
570Narodziny MahometaMekka
64%
1989Masakra na placu TiananmenPekin
61%
1948Zapasy dostarczane drogą powietrzną, aby uwolnić to miasto od sowieckiej blokadyBerlin
54%
1914Zabójstwo Franza FerdynandaSarajewo
49%
1943Punkt zwrotny II wojny światowej, gdy nazistom nie udało się zdobyć tego miastaWołgograd
48%
1963Zabójstwo Johna F. Kennedy'egoDallas
46%
1972Terroryści zabijają członków izraelskiej drużyny olimpijskiejMonachium
44%
1854John Snow śledzi wybuch cholery w zanieczyszczonej studniLondyn
43%
1968Ruch demokratyczny zdławiony przez sowieckie czołgiPraga
43%
1776Kongres Kontynentalny ogłasza Amerykańską Deklarację NiepodległościFiladelfia
32%
1979Zakładnicy porwani w ambasadzie amerykańskiejTeheran
26%
1967„Lato miłości”San Francisco
19%
1589Galileo zrzuca z wieży dwa obiekty o różnej masie, aby udowodnić, że spadają w tym samym tempiePiza
17%
1974Ali kontra Foreman, „Rozróba w dżungli”Kinszasa
10%
1836Bitwa pod AlamoSan Antonio
6%
1903Pierwszy lot z napędemKitty Hawk
0%

Rozkład punktacji

Percentyl według liczby udzielonych odpowiedzi

Procent ludzi z każdym wynikiem

Twoja historia wyników

Nie rozwiązałeś tego quizu